| 000 | 00527nam a22001937a 4500 | ||
|---|---|---|---|
| 003 | LK-CoMWRAF | ||
| 005 | 20230915151247.0 | ||
| 008 | 230915b1983 |||||||| |||| 00| 0 eng d | ||
| 040 |
_aLK-CoMWRAF _dLK-CoMWRAF _eLK-CoMWRAF |
||
| 041 | _aeng | ||
| 082 |
_a297.122 _bHAE |
||
| 100 | _aHaeri, Shaykh Fadhlalla | ||
| 245 |
_aHeart of Qurʾān and perfect mizan : _bSurat yā sīn |
||
| 260 |
_aBlanco : _bZahira, _c1983 |
||
| 650 | _aQuran-Commentaries | ||
| 650 | _aIslam | ||
| 650 | _aQuran English & Arabic | ||
| 942 | _cBK | ||
| 999 |
_c3568 _d3568 |
||